[Event "Gibraltar Masters 2019"]
[Site "Caleta ENG"]
[Date "2019.01.25"]
[Round "4.70"]
[White "Solozhenkina,Elizaveta"]
[Black "Tomazini,Z"]
[Result "1-0"]
[WhiteElo "2279"]
[BlackElo "2439"]

1.e4 c5 2.Nf3 d6 3.d4 cxd4 4.Nxd4 Nf6 5.Nc3 g6 6.Be3 a6 7.f3 b5 8.Qd2 Bb7
9.a4 b4 10.Na2 e5 11.Qxb4 Qc8 12.Nb3 d5 13.Qc3 Nbd7 14.Qxc8+ Rxc8 15.Na5 Ba8
16.O-O-O Bc5 17.Bxc5 Nxc5 18.exd5 Nxd5 19.Nc4 O-O 20.b3 Rfd8 21.Kb2 e4 22.fxe4 Nxe4
23.Re1 f5 24.Rg1 Rb8 25.g3 Rdc8 26.Ne3 Nxe3 27.Rxe3 a5 28.Nc3 Nd2 29.Ba6 Rd8
30.Be2 Kf7 31.Re5 Bf3 32.Bb5 Kf6 33.Re3 Bb7 34.Rge1 Nf3 35.R1e2 Nd4 36.Rf2 Rbc8
37.Bd3 Rc5 38.Ne4+ Bxe4 39.Rxe4 Nc6 40.Re1 Ne5 41.Bf1 Rcd5 42.Kc1 Rd4 43.c3 Rd3
44.Kc2 Nf3 45.Ree2 g5 46.Bg2 g4 47.Bxf3 gxf3 48.Rd2 Rxd2+ 49.Rxd2 Re8 50.Rf2 Kg5
51.Rxf3 Re2+ 52.Kd3 Rxh2 53.Kc4 Rh3 54.b4 Kg4 55.Rd3 h5 56.bxa5 h4 57.Rd4+ f4
58.Rxf4+ Kxg3 59.Rf8 Rh1 60.a6 Ra1 61.Kb5 h3 62.a7 Rb1+ 63.Ka5 h2 64.Rh8  1-0

[Event "Gibraltar Masters 2019"]
[Site "Caleta ENG"]
[Date "2019.01.25"]
[Round "4.71"]
[White "Danielian,E"]
[Black "Valhondo Morales,R"]
[Result "1/2-1/2"]
[WhiteElo "2427"]
[BlackElo "2231"]

1.d4 Nf6 2.Nf3 e6 3.e3 b6 4.Bd3 Bb7 5.O-O Be7 6.c4 O-O 7.Nc3 d6 8.e4 Nbd7
9.h3 c5 10.d5 e5 11.Nh2 Ne8 12.g3 Bc8 13.f4 exf4 14.gxf4 Bf6 15.Bd2 g6 16.Nf3 Bg7
17.Qe2 Nc7 18.Rae1 b5 19.cxb5 a6 20.bxa6 c4 21.Bxc4 Nb6 22.Bd3 Nxa6 23.Kh2 Nb4
24.Bb5 Nxa2 25.Ra1 Nxc3 26.bxc3 Rxa1 27.Rxa1 Nd7 28.Rg1 Nc5 29.c4 Bd7 30.Bxd7 Qxd7
31.Bb4 Rb8 32.Bxc5 Rb2 33.Nd2 dxc5 34.Rg2 Bh6 35.Qe3 f6 36.Nf3 Rb4 37.Nh4 Rxc4
38.Nf5 Bf8 39.Qd3 Rb4 40.d6 Kh8 41.Qd5 Rb8 42.h4 Rd8 43.h5 Bxd6 44.Nxd6 Qxd6
45.Qxd6 Rxd6 46.hxg6 hxg6 47.Rxg6 c4 48.e5 Rc6 49.exf6 Rc7 50.Kg3 Kh7 51.f7 Rxf7
52.Rc6 Rf5 53.Kg4 Ra5 54.f5 Kg7 55.Kg5 Ra7 56.Rxc4 Kf7 57.Rc6 Rb7 58.Rh6 Kg8
59.Rh1 Rb6 60.Ra1 Kf7 61.Ra7+ Kf8 62.Rd7 Ra6 63.f6 Ra1 64.Rd5 Kf7 65.Rd7+  1/2-1/2

[Event "Gibraltar Masters 2019"]
[Site "Caleta ENG"]
[Date "2019.01.25"]
[Round "4.72"]
[White "Kavutskiy,K"]
[Black "Srija,S"]
[Result "1-0"]
[WhiteElo "2424"]
[BlackElo "2210"]

1.Nf3 d5 2.e3 Nf6 3.c4 e6 4.b3 Bd6 5.Bb2 b6 6.Nc3 c6 7.d4 Bb7 8.Bd3 Nbd7
9.O-O O-O 10.Qc2 Rc8 11.e4 dxe4 12.Nxe4 Nxe4 13.Bxe4 f5 14.Bd3 c5 15.d5 exd5
16.cxd5 g6 17.Rfe1 c4 18.bxc4 Bxd5 19.Qb3 Bxf3 20.c5+ Rf7 21.cxd6 Qg5 22.Bf1 Be4
23.f3 Bc2 24.Qd5 Nf6 25.Qe6 Rf8 26.Bc4 Kg7 27.d7 Qd2 28.Re2 Qb4 29.Rxc2 Re7
30.Bxf6+ Rxf6 31.Qxf6+  1-0

[Event "Gibraltar Masters 2019"]
[Site "Caleta ENG"]
[Date "2019.01.25"]
[Round "4.73"]
[White "Buksa,N"]
[Black "Smith,An"]
[Result "1/2-1/2"]
[WhiteElo "2420"]
[BlackElo "2167"]

1.e4 e5 2.Nf3 Nc6 3.Bb5 a6 4.Ba4 Nf6 5.O-O Be7 6.Re1 b5 7.Bb3 d6 8.c3 O-O
9.h3 Nb8 10.d4 Nbd7 11.a4 Bb7 12.Nbd2 Re8 13.Bc2 Bf8 14.b3 d5 15.Nxe5 Nxe5
16.dxe5 Rxe5 17.f4 Re8 18.e5 Ne4 19.Nxe4 dxe4 20.Qxd8 Raxd8 21.axb5 axb5
22.Be3 Ra8 23.Rxa8 Rxa8 24.Bf2 Ra3 25.Rd1 Bc6 26.Rd8 Ra8 27.Rxa8 Bxa8 28.Ba7 Ba3
29.Kf2 Bb2 30.c4 bxc4 31.bxc4 Bc6 32.Ke2 h5 33.h4 f6 34.exf6 Bxf6 35.g3 Kf7
36.Ke3 Ke6 37.Bxe4 Ba4 38.Bc5 Bb3 39.Kd3 Bd1 40.Bg6 Bg4 41.Be4 Bh3 42.Bd4 Bf1+
43.Kc3 c5 44.Bxf6 Kxf6 45.Bd3 Bg2 46.Kd2 Bc6 47.Ke3 Ba4 48.Bf1 Bc6 49.Bh3 Be8
50.Bc8 Bf7 51.Kd3 Bg6+ 52.Kc3 Be4 53.Bd7 Ke7 54.Ba4 Kf6 55.Bd7 Ke7 56.Bb5 Kf6
57.Kb3 Bb7 58.Ka4 Bf3 59.Ka5 Ke7 60.Kb6 Kd6 61.Be8 Be2 62.Kb5 Bf3 63.Bg6 Bc6+
64.Kb6 Bf3 65.Bf7 Ke7 66.Bg6 Kd6 67.Bf5 Be2 68.Kb5 Bf3 69.Bh7 Bc6+ 70.Kb6 Bf3
71.Bg8 Bc6 72.Bf7 Bf3 73.Be8 Be2 74.Bb5 Bf3 75.Ba4 Be2 76.Kb5 Bf3 77.Bc2 Bc6+
78.Kb6 Bf3 79.Bd3 Bg4 80.Kb7 Kd7 81.Be4 Be6 82.Bd3 Bg4 83.Bf1 Bf3+ 84.Kb8 Bg4
85.Bd3 Be6 86.f5 Bg8 87.Kb7 Bf7 88.Be2 Bg8 89.Ka6 Kd6 90.Kb5 Bf7 91.g4 Be8+
92.Kb6 hxg4 93.Bxg4 Bd7 94.h5 Be8 95.Bf3 Bf7 96.Be2 Be8 97.Ka5 Bf7 98.Kb5 Be8+
99.Kb6 Bf7 100.Kb7 Be8 101.Kb6 Bf7  1/2-1/2

[Event "Gibraltar Masters 2019"]
[Site "Caleta ENG"]
[Date "2019.01.25"]
[Round "4.74"]
[White "Fuchs,Ju"]
[Black "Horvath,Dominik"]
[Result "0-1"]
[WhiteElo "2249"]
[BlackElo "2417"]

1.d4 Nf6 2.Bf4 d5 3.e3 e6 4.Nf3 c5 5.c3 Nc6 6.Nbd2 cxd4 7.exd4 Nh5 8.Be3 Bd6
9.Ne5 g6 10.Ndf3 f6 11.g4 Ng7 12.Nxc6 bxc6 13.Qd2 O-O 14.h3 e5 15.O-O-O Rb8
16.Kb1 e4 17.Ne1 f5 18.gxf5 Nxf5 19.h4 Nxe3 20.fxe3 Bg4 21.Rc1 Bg3 22.Rc2 Rf2
23.Qxf2 Bxf2 24.Rxf2 Qd6 25.Be2 Bxe2 26.Rxe2 Qg3 27.Ng2 Qf3 28.Rhe1 Qg4 29.Kc1 Rf8
30.Rd2 Qg3 31.Ree2 Rf1+ 32.Kc2 a5 33.b3 Qh2 34.Kb2 Qh1 35.Rc2 Rb1+ 36.Ka3 Rc1
37.Kb2 Rb1+ 38.Ka3 Kg7 39.Ka4 Qh2 40.Rf2 Qg3 41.Rce2 Qb8 42.Nf4 Qb5+ 43.Ka3 a4
44.bxa4 Qc4 45.Rc2 Re1 46.Ng2 Rb1 47.Nf4 Kh6 48.Rfe2 c5  0-1

[Event "Gibraltar Masters 2019"]
[Site "Caleta ENG"]
[Date "2019.01.25"]
[Round "4.75"]
[White "Martinez Martin,D"]
[Black "Semprun Martinez,F"]
[Result "1-0"]
[WhiteElo "2416"]
[BlackElo "2076"]

1.e4 c6 2.d4 d5 3.Nc3 dxe4 4.Nxe4 Bf5 5.Ng3 Bg6 6.h4 h6 7.Nh3 Nd7 8.Nf4 Bh7
9.Bd3 Bxd3 10.Qxd3 Qc7 11.Bd2 O-O-O 12.O-O-O Ngf6 13.Kb1 e6 14.Nfh5 Rg8 15.Qf3 Be7
16.Rhe1 Qd6 17.a3 Qd5 18.Qxd5 cxd5 19.Bb4 Bxb4 20.axb4 Ne8 21.c3 g6 22.Nf4 Nd6
23.Kc2 b6 24.Ra1 Kb7 25.Nd3 Rc8 26.f3 h5 27.Kd2 Nc4+ 28.Ke2 Rc7 29.Nf1 Nf6
30.Kf2 Ne8 31.Re2 Rh8 32.g3 Ng7 33.Ne3 Nxe3 34.Kxe3 Nf5+ 35.Kf2 Nd6 36.Nf4 Rcc8
37.Nxe6 fxe6 38.Rxe6 Nf5 39.Rxg6 Rhg8 40.Rf6 Rcf8 41.Rxf8 Rxf8 42.Re1 Kc6
43.Re5 a5 44.bxa5 bxa5 45.b3 Kd6 46.c4 Ne7 47.Rxh5 Rb8 48.Rh6+ Kd7 49.Ra6 Rxb3
50.cxd5 Rd3 51.Rxa5 Rxd4 52.g4 Nxd5 53.Kg3 Ke6 54.h5 Nf6 55.Kh4 Rf4 56.Ra3 Nh7
57.Ra6+ Kf7 58.Ra7+ Kg8 59.Ra3 Kg7 60.Ra7+ Kh6 61.Ra6+ Kg7 62.Ra7+ Kh6 63.Kg3 Rb4
64.f4 Nf6 65.Ra6 Kg7 66.h6+ Kf7 67.g5 Nh5+ 68.Kg4 Nxf4 69.Rf6+  1-0

[Event "Gibraltar Masters 2019"]
[Site "Caleta ENG"]
[Date "2019.01.25"]
[Round "4.76"]
[White "Bliumberg,V"]
[Black "Iniyan,P"]
[Result "0-1"]
[WhiteElo "2253"]
[BlackElo "2456"]

1.d4 Nf6 2.c4 g6 3.Nc3 Bg7 4.e4 d6 5.Nf3 O-O 6.Be2 Nbd7 7.O-O e5 8.Re1 c6
9.Bf1 Qc7 10.dxe5 dxe5 11.b3 Rd8 12.Qc2 Nf8 13.Be3 Bg4 14.Nd2 Ne6 15.h3 Nd4
16.Qb2 Be6 17.Rac1 Nh5 18.Be2 Nf4 19.Bxf4 exf4 20.Nf3 Qa5 21.Nxd4 Rxd4 22.Qc2 Rad8
23.Red1 Qxc3  0-1

[Event "Gibraltar Masters 2019"]
[Site "Caleta ENG"]
[Date "2019.01.25"]
[Round "4.77"]
[White "Villar,Ju"]
[Black "Hanley,C"]
[Result "1/2-1/2"]
[WhiteElo "2237"]
[BlackElo "2452"]

1.d4 e6 2.Nf3 c5 3.c4 Nf6 4.d5 b5 5.Bg5 exd5 6.cxd5 d6 7.e4 b4 8.Nbd2 Be7
9.Bc4 O-O 10.O-O Bg4 11.Qc2 Nbd7 12.Bf4 Nh5 13.Be3 Bxf3 14.Nxf3 g6 15.Be2 Ng7
16.Bh6 a5 17.a4 Nb6 18.b3 Bf6 19.Rad1 Rc8 20.Bc4 Re8 21.Bb5 Re7 22.Rfe1 Ne8
23.Qd3 Nd7 24.Nd2 Bc3 25.f4 c4 26.Nxc4 Nc5 27.Qc2 Bxe1 28.Rxe1 Nf6 29.e5 dxe5
30.d6 Re6 31.fxe5 Nfd7 32.Bf4 f6 33.Qd1 Qf8 34.Qd5 Qf7 35.Nxa5 fxe5 36.Be3 Nf6
37.Qd1 Nce4 38.Bc4 Nc3 39.Qd3 Nfe4 40.Bxe6 Qxe6 41.Nc4 Qf5 42.a5 Rd8 43.a6 Nxd6
44.Qxf5 Nxf5 45.Bc5 Nd4 46.Bxb4 Ncb5 47.Nxe5 Nc2 48.Nc6 Ra8 49.Re5 Nbd4 50.Nxd4 Nxd4
51.Ra5 Nc6 52.Ra4 Nxb4 53.Rxb4 Rxa6 54.Rb7 Rf6 55.h3 h5 56.h4 Kf8 57.Kh2 Rf4
58.g3 Rf2+ 59.Kh3 Rd2 60.b4 Kg8 61.b5 Rb2 62.b6 Kh8 63.Rb8+ Kh7 64.Rb7+ Kh8
65.Rb8+ Kh7 66.Rb7+ Kh8  1/2-1/2

[Event "Gibraltar Masters 2019"]
[Site "Caleta ENG"]
[Date "2019.01.25"]
[Round "4.78"]
[White "Tokhirjonova,Gulrukhbegim"]
[Black "Moksh,Amit Doshi"]
[Result "1-0"]
[WhiteElo "2446"]
[BlackElo "2242"]

1.e4 c5 2.Nf3 d6 3.d4 cxd4 4.Nxd4 Nf6 5.Nc3 a6 6.Nb3 g6 7.Be2 Bg7 8.Be3 O-O
9.g4 Nc6 10.h4 Be6 11.f3 b5 12.Qd2 Na5 13.Nd4 Nc4 14.Bxc4 Bxc4 15.h5 e5 16.h6 Bh8
17.Nf5 Ne8 18.Bb6 Qd7 19.O-O-O b4 20.Nd5 Bxd5 21.Qxd5 Rc8 22.Rhg1 Bf6 23.g5 Bd8
24.Bxd8 Rxd8 25.Ne3 Nc7 26.Qa5 f6 27.Ng4 fxg5 28.Nxe5 Qb5 29.Qxb5 Nxb5 30.Nc6 Rde8
31.Rd3 Rf4 32.Rxg5 Rh4 33.Nxb4 Rxh6 34.Nxa6 Rh1+ 35.Rd1 Rxd1+ 36.Kxd1 Nd4
37.Rg3 Rf8 38.Nc7 Nxf3 39.Ne6 Rf6 40.Ke2 Ne5 41.Nd4 h5 42.Nf3 Nc6 43.c3 Kg7
44.b4 Rf8 45.a4 Kf6 46.Rg1 Rg8 47.Rd1 Rd8 48.b5 Ne5 49.Nxe5 Kxe5 50.Ke3 Ra8
51.b6  1-0

[Event "Gibraltar Masters 2019"]
[Site "Caleta ENG"]
[Date "2019.01.25"]
[Round "4.79"]
[White "Vega Gutierrez,S"]
[Black "Dolzhikova,O"]
[Result "1/2-1/2"]
[WhiteElo "2390"]
[BlackElo "2224"]

1.e4 g6 2.d4 Bg7 3.Nc3 d5 4.exd5 Nf6 5.Bb5+ Nbd7 6.Nf3 O-O 7.Bf4 Nb6 8.Be5 Nbxd5
9.Nxd5 Qxd5 10.Be2 c5 11.dxc5 Qxc5 12.O-O Bf5 13.c3 Rfd8 14.Qb3 Be4 15.Bd4 Qc7
16.Be5 Qc5 17.Rae1 Bd5 18.Qa4 Qb6 19.c4 Bc6 20.Qa3 Rd7 21.b4 Qd8 22.Rd1 Be4
23.Nd4 Nh5 24.Bxg7 Nxg7 25.Qe3 Nf5 26.Nxf5 Bxf5 27.h4 h5 28.Qg5 Bc2 29.Rxd7 Qxd7
30.Bxh5 Rd8 31.Bf3 Kg7 32.Re1 f6 33.Qc5 e5 34.Bg4 b6 35.Bxd7 bxc5 36.Bb5 cxb4
37.Rc1 Bd3 38.f3 Kf7 39.Kf2 f5 40.Rd1 Ke7 41.g4 fxg4 42.fxg4 Rd4 43.h5 gxh5
44.gxh5 Kf6 45.h6 Kg6 46.Ke3 Bxc4 47.Rxd4 exd4+ 48.Kxd4 Bxb5 49.Kc5 a6 50.Kxb4 Kxh6  1/2-1/2

[Event "Gibraltar Masters 2019"]
[Site "Caleta ENG"]
[Date "2019.01.25"]
[Round "4.80"]
[White "Blesic,V"]
[Black "Abdulraheem,Abdulrahman Akintoye"]
[Result "1/2-1/2"]
[WhiteElo "2390"]
[BlackElo "2224"]

1.d4 Nf6 2.Nf3 d5 3.c4 e6 4.Nc3 Be7 5.Bf4 O-O 6.e3 c5 7.dxc5 Bxc5 8.cxd5 exd5
9.Bg5 Nc6 10.Bxf6 Qxf6 11.Qxd5 Bb4 12.Qb3 Be6 13.Qc2 Bf5 14.Qb3 Be6 15.Qc2 Bf5
16.Qb3  1/2-1/2

[Event "Gibraltar Masters 2019"]
[Site "Caleta ENG"]
[Date "2019.01.25"]
[Round "4.81"]
[White "Logothetis,S"]
[Black "Pigott,J"]
[Result "1/2-1/2"]
[WhiteElo "2210"]
[BlackElo "2387"]

1.d4 Nf6 2.Nf3 g6 3.Nbd2 c5 4.dxc5 Qa5 5.a3 Qxc5 6.b4 Qc7 7.c4 Bg7 8.Bb2 O-O
9.g3 b6 10.Bg2 Bb7 11.Rc1 d6 12.O-O Nbd7 13.Qb3 Rac8 14.Rfd1 Qb8 15.Nf1 Rc7
16.Ne3 Rfc8 17.Bh3 a6 18.Nd4 Ba8 19.Nd5 Nxd5 20.cxd5 Rxc1 21.Bxc1 Bxd4 22.Bxd7 Rc3
23.Qb1 Bf6 24.Ba4 b5 25.Bb3 Bb7 26.Bd2 Rc7 27.Rc1 Bc8 28.Rxc7 Qxc7 29.Qc2 Qxc2
30.Bxc2 Bd7  1/2-1/2

[Event "Gibraltar Masters 2019"]
[Site "Caleta ENG"]
[Date "2019.01.25"]
[Round "4.82"]
[White "Warakomska,A"]
[Black "Seeman,T"]
[Result "0-1"]
[WhiteElo "2209"]
[BlackElo "2386"]

1.e4 c5 2.Nf3 e6 3.d4 cxd4 4.Nxd4 Nc6 5.Nc3 a6 6.Be3 Nf6 7.a3 Be7 8.f4 d6
9.Qf3 e5 10.Nxc6 bxc6 11.fxe5 dxe5 12.Bc4 O-O 13.O-O Ng4 14.Rad1 Qa5 15.Kh1 Nxe3
16.Qxe3 Bg4 17.Rd2 Qc5 18.Qxc5 Bxc5 19.h3 Be6 20.Bxe6 fxe6 21.Rf3 Rf4 22.Na4 Ba7
23.Rd7 h5 24.c4 Bf2 25.Rd2 Rxf3 26.gxf3 Bd4 27.b4 a5 28.Nc5 axb4 29.axb4 Bxc5
30.bxc5 Ra5 31.Kg2 Rxc5 32.Kg3 Rxc4 33.Rd7 Kf8 34.Rc7 Rc3 35.h4 Rc2 36.Kh3 c5
37.Kg3 g6 38.Kh3 c4 39.Kg3 Rc1 40.Kf2 c3 41.Ke2 c2 42.Kd2 Rf1 43.Kxc2 Rxf3
44.Kd2 Rf4 45.Ke3 Rxh4 46.Kf3 Rf4+  0-1

[Event "Gibraltar Masters 2019"]
[Site "Caleta ENG"]
[Date "2019.01.25"]
[Round "4.83"]
[White "Zhukova,N"]
[Black "Phadke,So1"]
[Result "1-0"]
[WhiteElo "2377"]
[BlackElo "2191"]

1.d4 f5 2.c4 e6 3.Nc3 Nf6 4.Qc2 b6 5.Bf4 Bb7 6.e3 Bb4 7.Ne2 O-O 8.a3 Bd6
9.Bxd6 cxd6 10.d5 exd5 11.cxd5 Na6 12.Nd4 g6 13.Bc4 Kg7 14.O-O Rc8 15.Qe2 Nc7
16.Rfd1 Qe7 17.Nf3 Ne4 18.Rac1 Rce8 19.Rd4 Qf6 20.Qd1 g5 21.Nd2 Nxc3 22.Rxc3 Re7
23.Nf1 Re4 24.Rxe4 fxe4 25.Rc2 Qe5 26.Rd2 Ne8 27.Qa4 a5 28.Qb5 Nf6 29.Qxb6 Rc8
30.b3 Rc5 31.Qxb7  1-0

[Event "Gibraltar Masters 2019"]
[Site "Caleta ENG"]
[Date "2019.01.25"]
[Round "4.84"]
[White "Arakhamia-Grant,K"]
[Black "Sanchez Jerez,E"]
[Result "0-1"]
[WhiteElo "2372"]
[BlackElo "2183"]

1.e4 e6 2.d4 d5 3.Nc3 Nf6 4.e5 Nfd7 5.f4 c5 6.Nf3 Nc6 7.Be3 Be7 8.Qd2 O-O
9.O-O-O c4 10.f5 b5 11.fxe6 fxe6 12.Ne2 b4 13.h4 Qa5 14.Kb1 c3 15.Qc1 cxb2
16.Qxb2 Nb6 17.Nd2 Na4 18.Qa1 Qb6 19.Nb3 a5 20.Bd2 Bd7 21.Nec1 Na7 22.Bd3 Nb5
23.Bxb5 Bxb5 24.Be1 Bc4 25.Nd3 Nc3+ 26.Bxc3 bxc3 27.Qxc3 Bxd3 28.Rxd3 a4
29.Qb2 axb3 30.Rxb3 Qa6 31.Rb5 Bxh4 32.Qb3 Qxb5 33.Qxb5 Rab8 34.Qb3 Be7 35.Kb2 Rxb3+
36.axb3 Rf2 37.Rg1 Bb4 38.g4 Rf4 39.Rg2 Rf3 40.c4 Bc3+ 41.Ka3 dxc4 42.bxc4 Bxd4+
43.Kb4 Rf2 44.Rg3 Rb2+ 45.Ka4 Kf7  0-1

[Event "Gibraltar Masters 2019"]
[Site "Caleta ENG"]
[Date "2019.01.25"]
[Round "4.85"]
[White "Lombaers,P"]
[Black "Tejaswini,S"]
[Result "1/2-1/2"]
[WhiteElo "2372"]
[BlackElo "2190"]

1.c4 Nf6 2.Nc3 d5 3.cxd5 Nxd5 4.g3 g6 5.Bg2 Nb6 6.d3 Nc6 7.Bxc6+ bxc6 8.Nf3 Bg7
9.Bf4 O-O 10.Qd2 Rb8 11.Bh6 Nd5 12.Bxg7 Kxg7 13.O-O Re8 14.d4 Nb6 15.b3 e5
16.Rfd1 exd4 17.Nxd4 Bb7 18.Qb2 Qf6 19.Qa3 Rbd8 20.e3 a6 21.Rac1 Re5 22.Nce2 Nd5
23.b4 Rde8 24.Nc3 Nb6 25.Na4 Nxa4 26.Qxa4 a5 27.Rc5 axb4 28.Qxb4 Rxc5 29.Qxc5 Rd8
30.Rb1 Ba8 31.a4 Qd6 32.Rc1 Qf6 33.a5 Rd5 34.Qa7 Qd8 35.a6 h5 36.h4 Ra5 37.Nb3 Ra2
38.Nc5 Rxf2 39.Kxf2 Qd2+ 40.Kf3 Qxc1 41.Qxa8  1/2-1/2

[Event "Gibraltar Masters 2019"]
[Site "Caleta ENG"]
[Date "2019.01.25"]
[Round "4.86"]
[White "Rahul,Srivatshav P"]
[Black "Lim,Z"]
[Result "1-0"]
[WhiteElo "2370"]
[BlackElo "2178"]

1.d4 f5 2.c4 Nf6 3.Nc3 g6 4.g3 Bg7 5.Bg2 O-O 6.Nf3 d6 7.O-O Qe8 8.Re1 Qf7
9.e4 fxe4 10.Nxe4 Nc6 11.d5 Nxe4 12.Rxe4 Ne5 13.Rf4 Nxf3+ 14.Rxf3 Qe8 15.Qe2 Rxf3
16.Bxf3 Qf7 17.Bf4 Bh3 18.Re1 Rf8 19.Bg2 Bxg2 20.Kxg2 Re8 21.h4 h5 22.Qe3 b6
23.b3 Qf5 24.Qf3 Bf6 25.Re6 Kf7 26.Re4 Rc8 27.b4 Kg8 28.b5 a6 29.bxa6 Ra8
30.Qe2 Rxa6 31.f3 Qc8 32.Re6 Kh8 33.Bg5 Be5 34.Qc2  1-0

[Event "Gibraltar Masters 2019"]
[Site "Caleta ENG"]
[Date "2019.01.25"]
[Round "4.87"]
[White "Galinsky,T"]
[Black "Carreto Nieto,G"]
[Result "1-0"]
[WhiteElo "2365"]
[BlackElo "2174"]

1.d4 Nf6 2.Nf3 e6 3.Bg5 c5 4.e3 b6 5.c3 Bb7 6.Bd3 cxd4 7.exd4 Be7 8.O-O d6
9.Qe2 O-O 10.Re1 a6 11.Nbd2 Nbd7 12.a4 Re8 13.Nc4 Bf8 14.h3 Qc7 15.Bf4 Rad8
16.Bg3 Qb8 17.Nfd2 Rc8 18.Ne3 Qa8 19.a5 b5 20.c4 bxc4 21.Ndxc4 Rc6 22.Red1 Qa7
23.b4 d5 24.Ne5 Nxe5 25.Bxe5 Ne4 26.b5 axb5 27.Bxe4 dxe4 28.Qxb5 Rec8 29.Qb1 f6
30.Bg3 Ra6 31.Qb3 Ba8 32.d5 e5 33.Qa4 Rc5 34.Qxe4 Raxa5 35.Rxa5 Qxa5 36.Qg4 Qa6
37.d6 Rc8 38.Nf5 Qb7 39.Bxe5 Qxg2+ 40.Qxg2 Bxg2 41.d7 Rd8 42.Bc7 Rxd7 43.Rxd7 Bxh3
44.Rd8 Kf7 45.Nd6+  1-0

[Event "Gibraltar Masters 2019"]
[Site "Caleta ENG"]
[Date "2019.01.25"]
[Round "4.88"]
[White "Quillan,G"]
[Black "Weisbuch,U"]
[Result "1/2-1/2"]
[WhiteElo "2364"]
[BlackElo "2172"]

1.e4 e6 2.d4 d5 3.Nd2 Nf6 4.e5 Nfd7 5.c3 c5 6.Bd3 Nc6 7.Ne2 cxd4 8.cxd4 f6
9.exf6 Nxf6 10.O-O Bd6 11.Nf3 Qc7 12.Bg5 O-O 13.Rc1 Ng4 14.Ng3 g6 15.Nd2 Nf6
16.Nb3 Qb6 17.Be3 Bd7 18.a3 Rf7 19.Rc3 Raf8 20.Qe2 Bc8 21.Nc5 Qd8 22.Bb5 e5
23.Nxb7 Nxd4 24.Nxd8 Nxe2+ 25.Bxe2 Rxd8 26.Bg5 Bb7 27.Rd1 Kg7 28.Bf3 e4 29.Be2 Be5
30.Rb3 Rdd7 31.Bb5 Rd6 32.Ba4 Ba8 33.Rb5 a6 34.Rb4 h6 35.Bxf6+ Kxf6 36.Bc2 h5  1/2-1/2

[Event "Gibraltar Masters 2019"]
[Site "Caleta ENG"]
[Date "2019.01.25"]
[Round "4.90"]
[White "Nikolaidis,K"]
[Black "Hoolt,S"]
[Result "0-1"]
[WhiteElo "2167"]
[BlackElo "2358"]

1.e4 d6 2.d4 Nf6 3.Nc3 e5 4.Nge2 Nbd7 5.h3 c6 6.g4 b5 7.a3 Bb7 8.Bg2 Nb6
9.O-O Be7 10.Ng3 g6 11.Bh6 Nfd7 12.dxe5 dxe5 13.Qc1 Qc7 14.a4 b4 15.Nb1 Nc5
16.b3 Ba6 17.Rd1 Ne6 18.Bf1 Bxf1 19.Rxf1 Nf4 20.Kh2 Bf8 21.Bxf8 Kxf8 22.Qe3 h5
23.g5 Qe7 24.Ne2 Nxe2 25.Qxe2 Qxg5 26.a5 Nd7 27.Qc4 Qf4+ 28.Kg2 c5 29.Rd1 Rd8
30.Rd3 Kg7 31.Nd2 Nf6 32.Re1 Rd4 33.Rxd4 cxd4 34.Nf3 Re8 35.Qc6 Re6 36.Qb7 a6
37.Re2 Ng4 38.Ng1 Nf6 39.f3 h4 40.Qxb4 Nh5 41.Qe1 Rc6 42.Qd2 Rc3 43.Rf2 Qg3+
44.Kf1 Nf4 45.Rh2 Qg5 46.Qc1 Qd8 47.Qa1 Qc8  0-1

[Event "Gibraltar Masters 2019"]
[Site "Caleta ENG"]
[Date "2019.01.25"]
[Round "4.91"]
[White "Belenkaya,D"]
[Black "Crespo,E"]
[Result "1-0"]
[WhiteElo "2357"]
[BlackElo "2169"]

1.e4 e6 2.d4 d5 3.Nd2 Nf6 4.e5 Nfd7 5.Bd3 c5 6.c3 Nc6 7.Ne2 cxd4 8.cxd4 f6
9.exf6 Nxf6 10.Nf3 Bd6 11.O-O O-O 12.Nc3 e5 13.dxe5 Nxe5 14.Be2 Be6 15.Nb5 Nxf3+
16.Bxf3 Bc5 17.Nd4 Qb6 18.Nxe6 Qxe6 19.a3 Ne4 20.b4 Bb6 21.Bb2 Rxf3 22.gxf3 Ng5
23.Kh1 Nh3 24.Bd4 Bc7 25.f4 Rf8 26.f3 Rxf4 27.Ra2 Ng5 28.Rg2 Qf5 29.Rxg5 Qxg5
30.Be3 d4 31.Bxf4 Qxf4 32.Qe2 g6 33.Rd1 Kg7 34.Qc2 Kh6 35.Qe2 Be5 36.Qd2 Kg5
37.Kg2 h5 38.Qxf4+ Kxf4 39.Kf2 g5 40.h3 g4 41.fxg4 hxg4 42.hxg4 Kxg4 43.Rh1 d3
44.Ke3 Bb2 45.Kxd3 Bxa3 46.Kc3 a5 47.bxa5 Bc5 48.Rb1 Bf2 49.Kc4  1-0

[Event "Gibraltar Masters 2019"]
[Site "Caleta ENG"]
[Date "2019.01.25"]
[Round "4.92"]
[White "Gavilan Diaz,M"]
[Black "Vila Dupla,A"]
[Result "1-0"]
[WhiteElo "2357"]
[BlackElo "2166"]

1.e4 c5 2.c3 d5 3.exd5 Qxd5 4.d4 Nf6 5.Nf3 Bg4 6.Be2 e6 7.O-O Nc6 8.Be3 cxd4
9.cxd4 Be7 10.Nc3 Qd6 11.h3 Bh5 12.a3 O-O 13.Qb3 Rfd8 14.Rac1 a6 15.Rfd1 b5
16.a4 b4 17.Nb1 Nd5 18.Rxc6 Qxc6 19.Ne5 Qe8 20.Bxh5 g6 21.Bf3 Rac8 22.Nd2 Rc7
23.Be2 f6 24.Nd3 Kf7 25.Ne4 Qc6 26.Ndc5 Bxc5 27.Nxc5 a5 28.Bb5 Qb6 29.Re1 Re7
30.h4 Nc7 31.Bc4 Nd5 32.Bh6 Qc6 33.Qf3 Qd6 34.Ne4 Qb6 35.Bg5 Qxd4 36.Rd1 Qxc4
37.Nxf6 Nf4 38.Rxd8 Ne2+ 39.Kh2 Qc7+ 40.g3 Qxd8 41.Ng4+  1-0

[Event "Gibraltar Masters 2019"]
[Site "Caleta ENG"]
[Date "2019.01.25"]
[Round "4.93"]
[White "Byron,A"]
[Black "Taylor,Adam C"]
[Result "0-1"]
[WhiteElo "2157"]
[BlackElo "2356"]

1.e4 e5 2.Nf3 Nc6 3.Bb5 Nf6 4.Nc3 Bc5 5.d3 O-O 6.Bg5 a6 7.Bc4 h6 8.Bh4 g5
9.Bg3 d6 10.h4 g4 11.Nh2 Na5 12.Bb3 Nxb3 13.axb3 Be6 14.Qe2 Kh7 15.Nd1 Rg8
16.Ne3 Qd7 17.O-O Nh5 18.Kh1 Raf8 19.c3 f5 20.Nxf5 Bxf5 21.exf5 Qxf5 22.Ra4 Rg6
23.Re4 Rf7 24.Qd1 Bb6 25.Ree1 Rgf6 26.d4 exd4 27.cxd4 Ba5 28.Re3 Nxg3+ 29.Rxg3 h5
30.Re3 c6 31.g3 Re6 32.Rxe6 Qxe6 33.Qd3+ Kg7 34.f4 Qd5+ 35.Kg1 Bb6 36.Rd1 Re7
37.Qc4 Qxc4 38.bxc4 Re4 39.b3 Bxd4+ 40.Kf1 b5 41.cxb5 cxb5 42.Re1 Rxe1+ 43.Kxe1 a5
44.Kd2 a4 45.bxa4 bxa4 46.Kc2 Kf6 47.Nf1 Kf5 48.Kd3 Bf2 49.Kc3 Be1+ 50.Kb2 Ke4
51.Ka3 Kf3 52.f5 Ke2 53.Kb2 Kxf1  0-1

[Event "Gibraltar Masters 2019"]
[Site "Caleta ENG"]
[Date "2019.01.25"]
[Round "4.94"]
[White "Kulon,K"]
[Black "Pakosta,M"]
[Result "1-0"]
[WhiteElo "2347"]
[BlackElo "2166"]

1.c4 e5 2.g3 Nc6 3.Bg2 g6 4.Nc3 Bg7 5.e3 Nge7 6.Nge2 d6 7.O-O O-O 8.d4 exd4
9.exd4 Bg4 10.h3 Bxe2 11.Nxe2 Nf5 12.d5 Ne5 13.Qc2 b6 14.Rb1 a5 15.Be4 Ne7
16.b3 f5 17.Bg2 Nd7 18.Nf4 Nc5 19.a3 Be5 20.Re1 Bxf4 21.Bxf4 Qd7 22.b4 Nb7
23.Bh6 Rf7 24.Re6 f4 25.g4 f3 26.Bf1 axb4 27.axb4 c6 28.Qe4 cxd5 29.cxd5 Nd8
30.Re1 Ra7 31.Bg5 Kf8 32.Qd4 Nxe6 33.dxe6 Qa4 34.Qh8+ Ng8 35.exf7  1-0

[Event "Gibraltar Masters 2019"]
[Site "Caleta ENG"]
[Date "2019.01.25"]
[Round "4.95"]
[White "Fenollar Jorda,M"]
[Black "Gonzalez Gonzalez,A"]
[Result "1-0"]
[WhiteElo "2342"]
[BlackElo "2160"]

1.d4 Nf6 2.Nf3 e6 3.Bf4 Nh5 4.Bd2 d5 5.c4 Nd7 6.Nc3 Nhf6 7.cxd5 exd5 8.Bg5 c6
9.e3 h6 10.Bh4 g5 11.Bg3 Nh5 12.Bd3 Nxg3 13.hxg3 Bg7 14.Qc2 Nf6 15.O-O Be6
16.b4 g4 17.Nh4 a6 18.Na4 O-O 19.Nc5 Bc8 20.a4 Ne8 21.Nf5 Nd6 22.Nxd6 Qxd6
23.a5 Re8 24.Bf5 Qc7 25.Rfd1 Re7 26.Kf1 Bf6 27.Ke2 Bg5 28.Ra3 Kg7 29.Kf1 h5
30.Re1 Bf6 31.Raa1 Qd8 32.Rad1 Bg5 33.Ke2 Qc7 34.Kd2 b6 35.axb6 Qxb6 36.Rb1 Kf6
37.Bxc8 Rxc8 38.Qc3 Rh8 39.Rb3 Ra8 40.Ra1 Qb8 41.Rba3 Kg7 42.Ke2 Bxe3 43.fxe3 Qxg3
44.Rg1 Rae8 45.e4 Rxe4+ 46.Nxe4 Rxe4+ 47.Kd1 Qf2 48.Re1 Rxd4+ 49.Kc1 Qf6
50.Kb1 Kg8 51.Rc1 Qf5+ 52.Ka2 Qe4 53.g3 Rc4 54.Qd2 Rxc1 55.Qxc1 d4 56.Qg5+ Kf8
57.Qd8+ Kg7 58.Qg5+ Kf8 59.Qd2 Qd5+ 60.Kb2 Qe5 61.Rd3 a5 62.Rxd4 axb4 63.Qf4 Qe2+
64.Kb3 Qe6+ 65.Kxb4 Qe1+ 66.Kc5 Qa5+ 67.Kxc6 Qa6+ 68.Kc5 Qa5+ 69.Kc4 Qa6+
70.Kc3 Qa5+ 71.Kd3 Qb5+ 72.Ke3 Kg7 73.Kf2 Qc5 74.Qd6 Qc2+ 75.Rd2 Qb3 76.Qe5+ f6
77.Rd7+ Kg6 78.Qe4+ f5 79.Qc6+  1-0

[Event "Gibraltar Masters 2019"]
[Site "Caleta ENG"]
[Date "2019.01.25"]
[Round "4.96"]
[White "Stijve,Theo"]
[Black "Burrows,M"]
[Result "1-0"]
[WhiteElo "2339"]
[BlackElo "2156"]

1.e4 c5 2.Nf3 d6 3.d4 cxd4 4.Nxd4 Nf6 5.Nc3 a6 6.Be3 e5 7.Nb3 Be7 8.f3 Be6
9.Qd2 O-O 10.O-O-O a5 11.a4 Na6 12.g4 Nb4 13.Kb1 Rc8 14.g5 Nh5 15.Rg1 g6
16.Qf2 d5 17.exd5 Rxc3 18.bxc3 Nxd5 19.Kb2 Qc7 20.c4 Nxe3 21.Qxe3 Rc8 22.Rg2 Nf4
23.Rgd2 Bxg5 24.Qa7 Qc6 25.Nxa5 Qxa4 26.c3 Be7 27.Ra1 Qe8 28.Nb3 Qc6 29.Qe3 Qc7
30.Ra5 Bd6 31.h4 Bf5 32.Rd1 Qe7 33.Ra7 Bb8 34.Ra5 Qxh4 35.Rb5 Qe7 36.Na5 b6
37.Qxb6 Bc7 38.Nc6 Qe8 39.Qc5 Ne6 40.Qd5 h5 41.Qd7 Qxd7 42.Rxd7 Bd8 43.Rxd8+  1-0

[Event "Gibraltar Masters 2019"]
[Site "Caleta ENG"]
[Date "2019.01.25"]
[Round "4.117"]
[White "Whatley,Stephen A J"]
[Black "Adewole,Adeyinka"]
[Result "1-0"]
[WhiteElo "2171"]
[BlackElo "1972"]

1.e4 e6 2.Nf3 b6 3.Nc3 Bb7 4.Bc4 Bb4 5.Qe2 Ne7 6.O-O O-O 7.d4 Ng6 8.Bg5 Be7
9.Be3 d5 10.exd5 exd5 11.Bd3 c5 12.Rfe1 Nd7 13.Rad1 c4 14.Bf5 Re8 15.g3 Bb4
16.Ng5 Nf6 17.Qf3 Ne7 18.Bxh7+ Kf8 19.Bf4 Nxh7 20.Nxh7+ Kg8 21.Ng5 Qd7 22.Bd6 Bxd6
23.Qxf7+ Kh8 24.Qh5+ Kg8 25.Qh7+ Kf8 26.Ne6+ Qxe6 27.Rxe6 Rad8 28.Rde1 Bc6
29.R1e3 Kf7 30.Rf3+ Kxe6 31.Qh3+  1-0